Curso de anatomía y fisiología comparadas /
Guardado en:
| Autor Principal: | |
|---|---|
| Formato: | Libro |
| Idioma: | Spanish |
| Publicado: |
San Miguel [de] Tucumán :
Universidad Nacional de Tucumán, Escuela Universitaria de Ciencias Naturales,
1958-59.
|
| Etiquetas: |
Agregar Etiqueta
Sin Etiquetas, Sea el primero en etiquetar este registro!
|
| LEADER | 00615nam a22001575a 4500 | ||
|---|---|---|---|
| 001 | EEA.libagro005293 | ||
| 005 | 20180912130622.0 | ||
| 008 | 130809m19589999ag############000#0#spa#d | ||
| 082 | 0 | 4 | |a 591.1852 |
| 082 | 0 | 4 | |a 591.47 |
| 100 | 1 | |a Gavrilov, Konstantin. | |
| 245 | 1 | 0 | |a Curso de anatomía y fisiología comparadas / |c Konstantin Gavrilov. |
| 260 | |a San Miguel [de] Tucumán : |b Universidad Nacional de Tucumán, Escuela Universitaria de Ciencias Naturales, |c 1958-59. | ||
| 300 | |a 4 v. en 5 ; |c 27 cm. | ||
| 500 | |a La biblioteca posee: v. 4: Esqueleto (primera parte). | ||
| 859 | |a AR-BbBCA |b BIB. AGRONOMIA |h 591.1852 |i G232 |p 1996/2566 | ||
